Doctor who, I am a Dalek

Dettagli Bibliografici
Autore principale: Roberts G. Gareth
Riassunto:Equipped with space suits, golf clubs and a flag, the Doctor and Rose are planning to live it up, Apollo mission-style, on the Moon. But the Tardis has other plans, landing them instead in a village on the south coast of England; a picture-postcard sort of place where nothing much happens.
Lingua:inglese
Pubblicazione: London, BBC Books, 2006
Serie:Quick reads
Soggetti:
Natura: MixedMaterials Libro
KOHA link:https://koha.lib.tpu.ru/cgi-bin/koha/opac-detail.pl?biblionumber=213135

MARC

LEADER 00000nam0a2200000 4500
001 213135
005 20240621125642.0
010 |a 0-563-48648-1 
035 |a (RuTPU)RU\TPU\book\232899 
090 |a 213135 
100 |a 20120406d2006 m||y0rusy50 ba 
101 0 |a eng 
102 |a GB 
105 |a y z 000ay 
181 0 |a i   |b  e  
182 0 |a n 
183 0 |a nc  |2 RDAcarrier 
200 1 |a Doctor who, I am a Dalek  |f G. Roberts 
203 |a Текст  |b визуальный  |c непосредственный 
210 |a London  |c BBC Books  |d 2006 
215 |a 105 p. 
225 1 |a Quick reads 
283 |a volume  |2 RDAcarrier 
330 |a Equipped with space suits, golf clubs and a flag, the Doctor and Rose are planning to live it up, Apollo mission-style, on the Moon. But the Tardis has other plans, landing them instead in a village on the south coast of England; a picture-postcard sort of place where nothing much happens. 
606 1 |a Английский язык  |x Учебные руководства и пособия  |x Хрестоматии, книги для чтения  |2 stltpush  |3 (RuTPU)RU\TPU\subj\29075  |9 52487 
610 1 |a английская литература 
610 1 |a научная фантастика 
610 1 |a фэнтези 
610 1 |a приключения 
686 |a Ш143.21-923.8  |2 rubbk 
700 1 |a Roberts  |b G.  |g Gareth 
801 1 |a RU  |b 63413507  |c 20120406 
801 2 |a RU  |b 63413507  |c 20201123  |g RCR 
942 |c BK